ERIN 2012. Education, Research, Innovation : Proceedings of the Abstracts 6th International Conference for Young Researchers and PhD Students and 4th Conference Energy & Biomass 2012. Praha, April 25.-27. 2012

Na minha lista:
Detalhes bibliográficos
Outros Autores: Milčák, Pavel (Editor), Hrdlička, Jan (Editor), Kolaříková, Marie (Editor), Bryksístunová, M. (Editor)
Formato: Livro
Publicado em: Praha : ČVUT, 2012
Tags: Adicionar Tag
Sem tags, seja o primeiro a adicionar uma tag!

MARC

LEADER 00000nam a22000003a 4500
001 stu246684
005 20150716165429.3
008 120521s2012----xr----------------------d
020 |a 978-80-01-05038-5 
040 |a STU  |b slo 
041 0
044 |a xr 
100 1 |a Milčák, Pavel  |4 edt 
245 1 |a ERIN 2012. Education, Research, Innovation :  |b Proceedings of the Abstracts 6th International Conference for Young Researchers and PhD Students and 4th Conference Energy & Biomass 2012. Praha, April 25.-27. 2012 
260 |a Praha :  |b ČVUT,  |c 2012 
300 |a 54 s 
700 1 |a Hrdlička, Jan  |4 edt 
700 1 |a Kolaříková, Marie  |4 edt 
700 1 |a Bryksístunová, M.  |4 edt 
996 |b 284J041098  |c J*115870  |l JJST  |s P  |a 0  |w stu246684_0001